00987nam a2200301Ia 4500008004100000020001600041100001700057245004200074245002600116245009400142260001500236260002000251260000900271300002700280300002700307300001600334440002700350440001200377500011500389650002000504650002800524650001500552650002400567650002400591650002500615700000800640700003700648160803s9999 xx 000 0 und d a0 590738712 aHerman, Gail 4aThe magic school bus taking flight :  ba book about flight / cbased on the Magic School Bus books written by Joanna Cole and illustrated by Bruce Degen aNew York : bScholastic Inc. c1997 a30 unnumbered pages :  bcolor illustrations ;  c21 x 21 cm. aThe Magic school bus ; vbk. 12. a"Based on the Magic School Bus books written by Joanna Cole and illustrated by Bruce Degen"--Title page verso. aAeronautics --  aAirplanes -- Models --  aFlight --  xJuvenile literature xJuvenile literature xJuvenile literature. a480 aCole, Joanna. Magic school bus.